Introduction to medical imaging (Record no. 39304)

000 -LEADER
fixed length control field 00626nam a22002177a 4500
001 - CONTROL NUMBER
control field 39304
003 - CONTROL NUMBER IDENTIFIER
control field BD-DhUET
008 - FIXED-LENGTH DATA ELEMENTS--GENERAL INFORMATION
fixed length control field 160816b xxu||||| |||| 00| 0 eng d
020 ## - INTERNATIONAL STANDARD BOOK NUMBER
International Standard Book Number 9780521190657
040 ## - CATALOGING SOURCE
Transcribing agency 0
Modifying agency BD-DhUET
082 ## - DEWEY DECIMAL CLASSIFICATION NUMBER
Classification number 616.0754
Item number SMI/2011
100 ## - MAIN ENTRY--PERSONAL NAME
Personal name Smith, Nadine Barrie
245 ## - TITLE STATEMENT
Title Introduction to medical imaging
Remainder of title physics, engineering and clinical applications
250 ## - EDITION STATEMENT
Edition statement 1st ed.
260 ## - PUBLICATION, DISTRIBUTION, ETC. (IMPRINT)
Place of publication, distribution, etc. Cambridge
Name of publisher, distributor, etc. Cambridge University Press
Date of publication, distribution, etc. 2011
300 ## - PHYSICAL DESCRIPTION
Extent xii,286p.
504 ## - BIBLIOGRAPHY, ETC. NOTE
Bibliography, etc Includes bibliographies
650 #0 - SUBJECT ADDED ENTRY--TOPICAL TERM
Topical term or geographic name as entry element Diagnostic imaging-Digital techniques
700 ## - ADDED ENTRY--PERSONAL NAME
Personal name Webb, Andrew
942 ## - ADDED ENTRY ELEMENTS (KOHA)
Koha item type General Book
Holdings
Sublocation or collection (holding branch) Price effective from Koha renewals Koha date last seen Koha full call number Location (home branch) Copy number Koha out on loan Koha issues (times borrowed) Shelving location Lost status Source of classification or shelving scheme Piece designation (barcode) Not for loan Koha normalized classification for sorting Koha item type Withdrawn status Koha date last borrowed Date acquired Damaged status
Central Library, BUET2016-08-1622022-02-26616.0754/SMI/2011Central Library, BUET12025-11-292Circulation section  114673 616_075400000000000_SMI_2011General Book 2022-02-262016-08-16 
Central Library, BUET2016-08-16 2016-08-16616.0754/SMI/2011Central Library, BUET2  Circulation section  114674 616_075400000000000_SMI_2011General Book  2016-08-16 
Central Library, BUET2025-07-02 2025-11-29616.0754/SMI/2011Central Library, BUET32026-11-291Circulation section  120320 616_075400000000000_SMI_2011General Book 2025-11-292025-04-30 
Central Library, BUET2025-07-02 2025-07-02616.0754/SMI/2011Central Library, BUET4  Circulation section  120321 616_075400000000000_SMI_2011General Book  2025-04-30 
Central Library, BUET2025-07-02 2025-07-02616.0754/SMI/2011Central Library, BUET5  Circulation section  120322 616_075400000000000_SMI_2011General Book  2025-04-30